In his light : (Record no. 1634)
[ view plain ]
| 000 -LEADER | |
|---|---|
| fixed length control field | 00819nam a2200265 a 4500 |
| 001 - CONTROL NUMBER | |
| control field | 1151910 |
| 003 - CONTROL NUMBER IDENTIFIER | |
| control field | OSt |
| 005 - DATE AND TIME OF LATEST TRANSACTION | |
| control field | 20180918173335.0 |
| 008 - FIXED-LENGTH DATA ELEMENTS--GENERAL INFORMATION | |
| fixed length control field | 950607s1996 iau b 000 0 eng |
| 010 ## - LIBRARY OF CONGRESS CONTROL NUMBER | |
| LC control number | 95161885 |
| 020 ## - INTERNATIONAL STANDARD BOOK NUMBER | |
| International Standard Book Number | 0697178536 |
| 040 ## - CATALOGING SOURCE | |
| Original cataloging agency | DLC |
| Transcribing agency | DLC |
| 050 00 - LIBRARY OF CONGRESS CALL NUMBER | |
| Classification number | BX1961 |
| Item number | .A53 1996 |
| 082 00 - DEWEY DECIMAL CLASSIFICATION NUMBER | |
| Classification number | 238.2 |
| Edition number | 20 |
| Item number | A5451I |
| 100 1# - MAIN ENTRY--PERSONAL NAME | |
| Personal name | Anderson, William Angor, |
| Dates associated with a name | 1937- |
| 245 10 - TITLE STATEMENT | |
| Title | In his light : |
| Remainder of title | a path into Catholic belief / |
| Statement of responsibility, etc. | William A. Anderson. |
| 250 ## - EDITION STATEMENT | |
| Edition statement | [2nd revision]. |
| 260 ## - PUBLICATION, DISTRIBUTION, ETC. | |
| Place of publication, distribution, etc. | Dubuque, Iowa : |
| Name of publisher, distributor, etc. | Brown-ROA, |
| Date of publication, distribution, etc. | c1996. |
| 300 ## - PHYSICAL DESCRIPTION | |
| Extent | vi, 323 p. ; |
| -- | x, |
| Dimensions | 23 cm. |
| 500 ## - GENERAL NOTE | |
| General note | Includes index. |
| 610 20 - SUBJECT ADDED ENTRY--CORPORATE NAME | |
| Corporate name or jurisdiction name as entry element | Catholic Church |
| General subdivision | Catechisms |
| -- | English. |
| 906 ## - LOCAL DATA ELEMENT F, LDF (RLIN) | |
| a | 7 |
| b | cbc |
| c | orignew |
| d | 3 |
| e | ncip |
| f | 19 |
| g | y-gencatlg |
| 942 ## - ADDED ENTRY ELEMENTS (KOHA) | |
| Source of classification or shelving scheme | Dewey Decimal Classification |
| Koha item type | Books |
| Withdrawn status | Lost status | Source of classification or shelving scheme | Damaged status | Not for loan | Collection code | Home library | Current library | Shelving location | Date acquired | Total Checkouts | Full call number | Barcode | Date last seen | Price effective from | Koha item type |
|---|---|---|---|---|---|---|---|---|---|---|---|---|---|---|---|
| Dewey Decimal Classification | Non-fiction | Harvest Mission College | Harvest Mission College | General Stacks | 18.09.2018 | 238.2 A5451I | 001321 | 18.09.2018 | 18.09.2018 | Books |
